Düşük yoğunluklu çatışma (Record no. 2579)

MARC details
000 -BAŞLIK
Sabit Uzunlukta Kontrol Alanı 00869na a2200289 4500
001 - KONTROL NUMARASI
Denetim Alanı 15503
003 - KONTROL NUMARASI IDENTIFIER
Denetim Alanı MIRAKIL
005 - SON İŞLEM TARİHİ VE ZAMANI
Denetim Alanı 20181213154902.0
008 - SABİT-BOY VERİ ELEMANLARI - GENEL BİLGİLER
Sabit Uzunlukta Kontrol Alanı 161018b tu 000 0
020 ## - ULUSLARARASI STANDART KİTAP NUMARASI
Uluslararası Standart Kitap Numarası 9753441169
035 ## - SİSTEM KONTROL NUMARASI
Sistem Kontrol Numarası 15503
040 ## - KATALOGLAMA KAYNAK
Orijinal Kataloglama Ajansı Milas
Kataloglama Dili tur
Metne Dönüştürmek Ajansı TR-AnCHP
041 ## - DİL KODU
Metin / Ses Parça Veya Ayrı Başlığın Dil Kodu tur
082 ## - DEWEY ONLU SINIFLANDIRMA NUMARASI
Sınıflandırma Numarası 323.1
Ürün Numarası D97 1996
090 ## - SINIFLAMA NUMARASI
Sınıflama Numarası 323.1 D97 1996
245 ## - BAŞLIK TABLOSU
Başlık Düşük yoğunluklu çatışma
Başlığın Kalan İlan edilmemiş savaş
Sorumluluk Tablosu, Vb Derleyen Jochen Hippler ; türkçesi Saliha Nazlı Kaya
246 ## - UNVAN FORM VARYING
Başlık Doğru / Kısa Başlığı İlan edilmemiş savaş
260 ## - YAYIN, DAĞITIM, VB
Yayın, Dağıtım, Vb Yeri İstanbul
Yayıncı, Dağıtıcı, Vs Adı Belge Uluslararası Yayıncılık
Yayın, Dağıtım, Vb Tarihi 1996
300 ## - FİZİKSEL TANIM
Kapsam 80 s.
Diğer Fiziksel Ayrıntıları res.
Boyutlar 19 sm.
500 ## - GENEL NOT
Genel Not Özgün yapıt adı:Low-intensity conflict
650 ## - KONU KATMA GİRİŞ - TOPİKAL DÖNEM
Topikal Süreli Veya Coğrafi Ad Giriş Elemanı Emperyalizm
Coğrafi Alt Bölümü ABD
650 ## - KONU KATMA GİRİŞ - TOPİKAL DÖNEM
Topikal Süreli Veya Coğrafi Ad Giriş Elemanı Yurttaşlık hakları
650 ## - KONU KATMA GİRİŞ - TOPİKAL DÖNEM
Topikal Süreli Veya Coğrafi Ad Giriş Elemanı Siyasal haklar
700 ## - KATMA GİRİŞ - KİŞİSEL İSİM
Kişisel Ad Kaya, Saliha Nazlı
700 ## - KATMA GİRİŞ - KİŞİSEL İSİM
Kişisel Ad Hippler, Jochen
942 ## - EKLENDİ GİRİŞ ELEMANLARI (KOHA)
Sınıflandırma Veya Raf Düzeni Kaynak Dewey Decimal Classification
Koha Öğesi Türü Books
999 ## - SİSTEM KONTROL NUMARALARI (KOHA)
Koha Biblionumber 2579
Koha Biblioitemnumber 2579
Holdings
Kalıcı Konum Mevcut Konum Edinme Tarihi Edinim Kaynak Toplam Check-Out'Lar Tam Çağrı Numarası Barkod Tarih Son Görülme İtibaren Geçerli Fiyatlar Koha Öğesi Türü
CHP Kütüphanesi CHP Kütüphanesi 09/11/2016 Bağış   323.1 D97 1996 003471 09/11/2016 09/11/2016 Books